Cities and Towns in Lovecraft Country on a Map - Statistics

General Stats
  • This quiz has been taken 14 times
  • The average score is 3 of 71
Answers on the Map
Answers color-coded by a green-red scale on the quiz's map according to % correct below.
 
Answer Stats
N Answer % Correct
1 Arkham
82%
3 Innsmouth
82%
2 Kingsport
27%
1 Bolton
18%
1 Gloucester
18%
1 Ipswich
18%
1 Newburyport
18%
1 Salem
18%
3 East Gloucester
9%
2 Essex
9%
2 Marblehead
9%
2 Middleton
9%
2 Rockport
9%
2 Salisbury
9%
3 South MIddleton
9%
2 Amesbury
0%
2 Annisquam
0%
3 Asbury Grove
0%
2 Attitash
0%
3 Bay View
0%
3 Beachbluff
0%
2 Beverly
0%
2 Boxford
0%
2 Byfield
0%
3 Chapinsville
0%
3 Clark's Corners
0%
3 Clifton
0%
3 Coldwater Falls
0%
3 Cushing
0%
2 Danvers
0%
2 Danversport
0%
3 Dole Corner
0%
3 Essex Falls
0%
3 Falcon Point
0%
2 Georgetown
0%
3 Glen Mills
0%
3 Hamilton
0%
2 Hathorne
0%
2 Lanesville
0%
2 Long Siding
0%
1 Lynn
0%
2 Lynnfield
0%
3 Magnolia
0%
2 Manchester
0%
3 Marlboro
0%
2 Martin's beach
0%
2 Merrimac
0%
3 Merrimacport
0%
3 Nanepashemet
0%
3 Newbury Old Town
0%
2 North Beverly
0%
2 Peabody
0%
3 Phelps Mills
0%
3 Pigeon Cove
0%
3 Proctor
0%
3 Putnam Village
0%
3 Rooty Plain
0%
3 Ross' Corners
0%
2 Rowley
0%
2 Salisbury Point
0%
3 Salisbury Point
0%
2 Saugus
0%
3 South Peabody
0%
2 Swampscott
0%
3 Thompson Village
0%
2 Topsfield
0%
2 Wenham
0%
2 West Gloucester
0%
2 West Newbury
0%
3 West Peabody
0%
3 Wyoma
0%
No matching quizzes found
Score Distribution
Percent of People with Each Score
Percentile by Number Answered
Your Score History
You have not taken this quiz